All cities in the USA with over 500,000 inhabitants - Statistics

General Stats
  • This quiz has been taken 119 times
  • The average score is 26 of 35
Answer Stats
Hint Answer % Correct
2. Los Angeles
99%
1. New York City
99%
3. Chicago
94%
9. Dallas
91%
18. Seattle
91%
4. Houston
87%
21. Boston
85%
5. Phoenix
85%
8. San Diego
84%
17. San Francisco
84%
24. Detroit
81%
19. Denver
80%
27. Portland
80%
30. Baltimore
79%
7. San Antonio
75%
6. Philadelphia
74%
20. Washington
73%
11. Austin
72%
23. Nashville
72%
10. San Jose
71%
15. Charlotte
69%
12. Jacksonville
68%
35. Sacramento
68%
14. Columbus
67%
16. Indianapolis
67%
28. Las Vegas
67%
26. Memphis
67%
31. Milwaukee
66%
25. Oklahoma City
66%
22. El Paso
62%
34. Fresno
55%
13. Fort Worth
53%
29. Louisville
49%
32. Albuquerque
48%
33. Tucson
45%
No matching quizzes found
Score Distribution
Percent of People with Each Score
Percentile by Number Answered
Your Score History
You have not taken this quiz